The poems of Samuel Taylor Coleridge, including poems and versions of poems herein published for the first time / (Record no. 22433)
[ view plain ]
| 000 -LEADER | |
|---|---|
| fixed length control field | 00808nam a2200217 a 4500 |
| 001 - CONTROL NUMBER | |
| control field | 22433 |
| 003 - CONTROL NUMBER IDENTIFIER | |
| rucl marc code | BD-RJUL |
| 005 - DATE AND TIME OF LATEST TRANSACTION | |
| control field | 20211209000815.0 |
| 008 - FIXED-LENGTH DATA ELEMENTS--GENERAL INFORMATION | |
| fixed length control field | 140308s19511912enk 001 p eng d |
| 035 ## - SYSTEM CONTROL NUMBER | |
| System control number | (BD-RjUL)22498 |
| 040 ## - CATALOGING SOURCE | |
| Original cataloging agency | BD-RjUL |
| Language of cataloging | eng |
| Transcribing agency | BD-RjUL |
| 041 ## - LANGUAGE CODE | |
| Language code of text/sound track or separate title | eng |
| 082 ## - DEWEY DECIMAL CLASSIFICATION NUMBER | |
| Classification number | 821.7 |
| Author mark and year | COP 1951 |
| 100 1# - MAIN ENTRY--PERSONAL NAME | |
| Personal name | Coleridge, Samuel Taylor, |
| Dates associated with a name | 1772-1834. |
| 9 (RLIN) | 69268 |
| 245 14 - TITLE STATEMENT | |
| Title | The poems of Samuel Taylor Coleridge, including poems and versions of poems herein published for the first time / |
| Statement of responsibility, etc. | edited with textual and bibliographical notes by Ernest Hartley Coleridge |
| 260 ## - PUBLICATION, DISTRIBUTION, ETC. (IMPRINT) | |
| Place of publication, distribution, etc. | London : |
| Name of publisher, distributor, etc. | Oxford University Press, H. Milford, |
| Date of publication, distribution, etc. | c 1912 [reprinting 1951] |
| 300 ## - PHYSICAL DESCRIPTION | |
| Pagination | xxiii, 614 p. ; |
| Size | 19 cm. |
| 504 ## - BIBLIOGRAPHY, ETC. NOTE | |
| Bibliography, etc | includes index |
| 700 1# - ADDED ENTRY--PERSONAL NAME | |
| Personal name | Coleridge, Ernest Hartley, |
| Dates associated with a name | 1846-1920. |
| 942 ## - ADDED ENTRY ELEMENTS (KOHA) | |
| Source of classification or shelving scheme | Dewey Decimal Classification |
| Koha item type | Books |
| Lost status | Source of classification or shelving scheme | Damaged status | Not for loan | Collection code | Permanent Location | Current Location | Shelving location | Date acquired | Source of acquisition | Cost, normal purchase price | Total Checkouts | Full call number | Date last seen | Copy number | Koha item type | Date checked out |
|---|---|---|---|---|---|---|---|---|---|---|---|---|---|---|---|---|
| Dewey Decimal Classification | Added to bundle | Fiction | Central Library, University of Rajshahi | Central Library, University of Rajshahi | Reading Room | 12/02/1955 | M.B.P. dacca | 3.20 | 821.7 COP 1951 | 08/03/2014 | C-1 | Books | ||||
| Dewey Decimal Classification | Non-fiction | Central Library, University of Rajshahi | Central Library, University of Rajshahi | 20/01/1955 | M.B.P. Dhaka | 6.00 | 2 | 821.7 COP 1951 | 14/03/2023 | C-2 | Books | 26/02/2023 | ||||
| Dewey Decimal Classification | Non-fiction | Central Library, University of Rajshahi | Central Library, University of Rajshahi | 13/05/1967 | university B.K. Agency | 12.00 | 821.7 COP 1951 | 18/08/2020 | C-3 | Books |